Hinduism in India / (Record no. 104177)

MARC details
000 -LEADER
fixed length control field 00568nam a22001937a 4500
005 - DATE AND TIME OF LATEST TRANSACTION
control field 20161024124245.0
010 ## - LCCN (DPL NO)
LC control number ENG-116284
020 ## - INTERNATIONAL STANDARD BOOK NUMBER
International Standard Book Number 9788180903533
Terms of availability 700.00
035 ## - SYSTEM CONTROL NUMBER
System control number EN-99816
037 ## - SOURCE OF ACQUISITION
Source of stock number/acquisition DBAD/PUB
082 ## - DEWEY DECIMAL CLASSIFICATION NUMBER
Classification number 220
100 ## - MAIN ENTRY--PERSONAL NAME
Personal name Panda,R.K.
245 ## - TITLE STATEMENT
Title Hinduism in India /
Statement of responsibility, etc by R.K. Panda
260 ## - PUBLICATION, DISTRIBUTION, ETC. (IMPRINT)
Place of publication, distribution, etc Delhi
Name of publisher, distributor, etc Bhartiya Kala Prakashan
Date of publication, distribution, etc 2014
270 ## - ADDRESS
Address 3421-A,IInd Floor Narang Colony,Tri Nagar
City Delhi
Postal code 110035
300 ## - PHYSICAL DESCRIPTION
Extent x,388p.
Dimensions 21cm(Hb)
500 ## - GENERAL NOTE
General note Includes bibliographical references
942 ## - ADDED ENTRY ELEMENTS (KOHA)
Source of classification or shelving scheme Dewey Decimal Classification
Item type English Books
Classification part 220
Call number suffix PAN
Holdings
Withdrawn status Lost status Not for loan Home library Current library Date acquired Source of acquisition Cost, normal purchase price Full call number Barcode Copy number Cost, replacement price Koha item type
    Not For Loan D.B.Act.Division Bawana 24/10/2016 DBAD/PUB 700.00 220 PAN EN-99816 1 700.00 English Books

© Delhi Public Library
Hit Counter
free hit counter